| 000 | 00981cad a22001935a 4500 | ||
|---|---|---|---|
| 001 | L154957 | ||
| 008 | 120619s2012 xxk f 000 0 eng d | ||
| 035 | _a(Sirsi) u154957 | ||
| 041 | 0 | _aeng | |
| 110 | 2 |
_aSavills _92020 |
|
| 245 | 0 | 0 |
_aSpotlight _bthe world in new London _h[electronic resource] |
| 260 |
_aLondon _bSavills _c2012 |
||
| 520 | _aThe prime London residential market in 2012 is being driven by international buyers. The new build market in London has a higher proportion of international buyers than the secondhand market. Overseas buyers in the new build sector, especially in the east of City (Docklands) markets are dominated by Pacific Asians and Chinese, reflecting concentrated marketing efforts in these regions. | ||
| 590 | _aKA NTK | ||
| 651 | 4 | _aLondon | |
| 690 |
_aResidential property _96266 |
||
| 856 | 4 | 0 |
_uhttps://pdf.euro.savills.co.uk/uk/spotlight-on/spot-newlondon.pdf _zView the report after free registration at www.savills.co.uk |
| 942 | _n0 | ||
| 999 |
_c113260 _d113260 |
||